[Event "BEL FEFB-ch op"]
[Site "Fontaine l'Eveque"]
[Date "2009.05.30"]
[Round "2"]
[White "Gullentops, Nathan"]
[Black "Recloux, Georges"]
[Result "1-0"]
[WhiteElo "1686"]
[BlackElo "1472"]
[PlyCount "37"]
[EventDate "2009.05.29"]
[EventType "swiss"]
[EventRounds "7"]
[EventCountry "BEL"]
[SourceTitle "EXT 2012"]
[Source "ChessBase"]
[SourceDate "2011.11.24"]
[SourceVersion "1"]
[SourceVersionDate "2011.11.24"]
[SourceQuality "1"]

1. e4 Nf6 2. e5 Nd5 3. c4 Nb6 4. d4 d6 5. exd6 cxd6 6. Bd3 Nc6 7. Nf3 Bg4 8. Be3 Qc7 9. Nbd2 g6 10. 0-0 Bg7 11. h3 Bd7 12. a3 a5 13. Rc1 Nc8 14. c5 Qb8 15. Ne4 d5 16. Nc3 e5 17. dxe5 Bxe5 18. Bf4 0-0 19. Nb5 1-0